Boston Red Sox World Series Titles - Statistics

General Stats
  • This quiz has been taken 30 times
  • The average score is 8 of 9
Answer Stats
Opponent Year % Correct
Los Angeles Dodgers 2018
100%
St. Louis Cardinals 2004
97%
Colorado Rockies 2007
97%
St. Louis Cardinals 2013
97%
Pittsburgh Pirates 1903
83%
New York Giants 1912
83%
Brooklyn Robins 1916
83%
Chicago Cubs 1918
83%
Philadelphia Phillies 1915
79%
No matching quizzes found
Score Distribution
Percent of People with Each Score
Percentile by Number Answered
Your Score History
You have not taken this quiz